000 00337nam a2200133Ia 4500
008 240624s9999 xx 000 0 und d
041 _aeng
082 _a338.954 CHA
100 _aCHALAM K S
245 _aSOCIAL ECONOMY OF DEVELOPMENT IN INDIA
260 _c2017
_aNew Delhi
_bSage
300 _axvii, 390 p.; 22 cm.
365 _cRS
_b32
999 _c29998
_d29998